| 000 | 00670nam a22001817a 4500 | ||
|---|---|---|---|
| 999 |
_c15015 _d15015 |
||
| 003 | OSt | ||
| 082 | _2631.56 AMI/ST | ||
| 088 | _aP 238 | ||
| 100 |
_aAMITHA M. ANAND _aCHIPPY JASMINE FRANCIS _93868 |
||
| 245 | _aStudies on microwave drying and packaging of curry leaves | ||
| 260 |
_aTavanur 2011 _bDepartment of Post-Harvest Technology and Agricultural Processing |
||
| 300 | _a50 | ||
| 500 | _aStudies on microwave drying and packaging of curry leaves | ||
| 520 | _aStudies on microwave drying and packaging of curry leaves | ||
| 700 |
_aDr. Prince M. V (Guide) _93452 |
||
| 856 | _uhttps://drive.google.com/open?id=1wgk1ltJnWekzjRoie4Bmn7aRWg2Tea_Q | ||
| 942 | _cPR | ||